| 000 | 00537nam a22001937a 4500 | ||
|---|---|---|---|
| 999 |
_c14852 _d14852 |
||
| 003 | MIRAKIL | ||
| 005 | 20220316144255.0 | ||
| 008 | 220316b tu ||||| |||| 00| 0 tur d | ||
| 020 | _a9758098047 | ||
| 040 |
_aTR-AnCHP _cTR-AnCHP |
||
| 041 | _atur | ||
| 082 |
_a320.5315 _bK26s 1996 |
||
| 100 | 1 | _aKarakaş, Ercan | |
| 245 | 1 | 0 |
_aSosyal demokrasinin şansı / _cErcan Karakaş |
| 260 |
_aİstanbul : _bSosyal Demokrasi Vakfı, _c1996. |
||
| 300 |
_a112 s.: _c19 sm. |
||
| 650 | 0 |
_9817 _asosyal demokrasi _xTürkiye |
|
| 942 |
_2ddc _cBKS |
||